[Event "FRA-chT1B 0708"]
[Site "France"]
[Date "2008.04.05"]
[Round "10.7"]
[White "Lohou, Stephane"]
[Black "Zermiche, Cherif"]
[Result "1-0"]
[WhiteElo "2161"]
[BlackElo "2162"]
[PlyCount "81"]
[EventDate "2007.10.21"]
[EventType "team"]
[EventRounds "11"]
[EventCountry "FRA"]
[SourceTitle "EXT 2009"]
[Source "ChessBase"]
[SourceDate "2008.11.26"]
[SourceVersion "1"]
[SourceVersionDate "2008.11.26"]
[SourceQuality "1"]
[WhiteTeam "Vincennes"]
[BlackTeam "Cannes II"]
[WhiteTeamCountry "FRA"]
[BlackTeamCountry "FRA"]

1. e4 c5 2. Nf3 a6 3. Nc3 e6 4. d4 cxd4 5. Nxd4 Nc6 6. Nxc6 bxc6 7. Bd3 d5 8. 0-0 Nf6 9. Re1 Be7 10. e5 Nd7 11. Na4 0-0 12. c4 f5 13. Qc2 Bb7 14. Bd2 Qb8 15. f4 Nc5 16. Nxc5 Bxc5+ 17. Be3 Bxe3+ 18. Rxe3 Qa7 19. Qf2 Rfd8 20. Rc1 a5 21. Rh3 Qxf2+ 22. Kxf2 Rac8 23. Be2 Kf7 24. Rb3 Rc7 25. c5 a4 26. Rb4 Ra8 27. a3 Bc8 28. Bd1 Rb7 29. Rxb7+ Bxb7 30. Ke3 Ra5 31. Kd4 h6 32. h4 Ba6 33. Rc3 Rb5 34. b3 axb3 35. Rxb3 Ra5 36. Rb4 Bf1 37. a4 g6 38. h5 gxh5 39. Bxh5+ Kf8 40. Bd1 Bxg2 41. Rb6 1-0

[Event "FRA-chT1B 0708"]
[Site "France"]
[Date "2008.02.10"]
[Round "7.7"]
[White "Zermiche, Cherif"]
[Black "Deschler, Fabrice"]
[Result "1-0"]
[WhiteElo "2162"]
[BlackElo "2180"]
[PlyCount "51"]
[EventDate "2007.10.21"]
[EventType "team"]
[EventRounds "11"]
[EventCountry "FRA"]
[SourceTitle "EXT 2009"]
[Source "ChessBase"]
[SourceDate "2008.11.26"]
[SourceVersion "1"]
[SourceVersionDate "2008.11.26"]
[SourceQuality "1"]
[WhiteTeam "Cannes II"]
[BlackTeam "Mulhouse II"]
[WhiteTeamCountry "FRA"]
[BlackTeamCountry "FRA"]

1. e4 c5 2. Nc3 Nc6 3. f4 a6 4. a4 e6 5. Bc4 Nge7 6. d3 d5 7. Ba2 Nb4 8. Bb1 dxe4 9. dxe4 Qxd1+ 10. Nxd1 b6 11. Nf3 Bb7 12. c3 Nbc6 13. 0-0 Nc8 14. Ne3 Bd6 15. f5 exf5 16. exf5 0-0 17. Ba2 Ne5 18. Nxe5 Bxe5 19. Ng4 Bf6 20. Nxf6+ gxf6 21. Bh6 Re8 22. Rf4 Nd6 23. Rd1 Ne4 24. Rd7 Bc6 25. Rxf7 Rad8 26. Rd7+ 1-0

[Event "EU-ch blitz"]
[Site "Ajaccio"]
[Date "2007.10.26"]
[Round "26"]
[White "Mikhalevski, Victor"]
[Black "Zermiche, Cherif"]
[Result "1-0"]
[WhiteElo "2584"]
[BlackElo "2162"]
[PlyCount "53"]
[EventDate "2007.10.25"]
[EventType "swiss (blitz)"]
[EventRounds "32"]
[EventCountry "FRA"]
[SourceTitle "CBM 120 Extra"]
[Source "ChessBase"]
[SourceDate "2007.11.01"]
[SourceVersion "1"]
[SourceVersionDate "2007.11.01"]
[SourceQuality "1"]

1. d4 Nf6 2. c4 c6 3. Nf3 d5 4. Nc3 dxc4 5. a4 Nd5 6. e4 Nxc3 7. bxc3 b5 8. Ba3 e6 9. Bxf8 Kxf8 10. Qb1 a6 11. Be2 Qa5 12. Qb2 Nd7 13. axb5 Qxb5 14. Qa2 Qb3 15. Qa5 Ke7 16. 0-0 Rb8 17. Qg5+ Ke8 18. Qxg7 Rf8 19. Ng5 Rb7 20. Bh5 Nb6 21. Nxh7 Nd7 22. d5 cxd5 23. exd5 e5 24. Rae1 Qxc3 25. Nxf8 Nxf8 26. Rxe5+ Kd7 27. Bf3 1-0

[Event "EU-ch blitz"]
[Site "Ajaccio"]
[Date "2007.10.25"]
[Round "18"]
[White "Fridman, Daniel"]
[Black "Zermiche, Cherif"]
[Result "1-0"]
[WhiteElo "2621"]
[BlackElo "2162"]
[PlyCount "65"]
[EventDate "2007.10.25"]
[EventType "swiss (blitz)"]
[EventRounds "32"]
[EventCountry "FRA"]
[SourceTitle "CBM 120 Extra"]
[Source "ChessBase"]
[SourceDate "2007.11.01"]
[SourceVersion "1"]
[SourceVersionDate "2007.11.01"]
[SourceQuality "1"]

1. d4 Nf6 2. Nf3 d5 3. c4 c6 4. Qc2 g6 5. Bf4 Bg7 6. e3 0-0 7. Nc3 a6 8. c5 Qa5 9. a3 Nbd7 10. h3 Qd8 11. Be2 b6 12. b4 Bb7 13. 0-0 Re8 14. Bh2 Rc8 15. Rab1 Kh8 16. a4 Ng8 17. cxb6 Nxb6 18. Ne5 Nh6 19. Nd3 Nc4 20. Rbd1 e5 21. dxe5 Nxe5 22. Nxe5 Bxe5 23. Bxe5+ Rxe5 24. Qb2 Qe7 25. f4 d4 26. fxe5 dxc3 27. Qxc3 Nf5 28. e4 Ng7 29. Bc4 Ne6 30. Bxe6 fxe6 31. Qc5 Qg5 32. Rd7 Qh6 33. Rxb7 1-0

[Event "Cannes op"]
[Site "Cannes"]
[Date "2007.02.21"]
[Round "5"]
[White "Delabaca, Romuald"]
[Black "Zermiche, Cherif"]
[Result "1/2-1/2"]
[WhiteElo "2160"]
[BlackElo "2105"]
[PlyCount "20"]
[EventDate "2007.02.18"]
[EventType "swiss"]
[EventRounds "9"]
[EventCountry "FRA"]
[SourceTitle "CBM 116 Extra"]
[Source "ChessBase"]
[SourceDate "2007.03.07"]
[SourceVersion "1"]
[SourceVersionDate "2007.03.07"]
[SourceQuality "1"]

1. e4 e6 2. d4 d5 3. Nc3 Bb4 4. e5 c5 5. Bd2 Ne7 6. Nb5 0-0 7. c3 Ba5 8. dxc5 Bc7 9. f4 f6 10. exf6 Rxf6 1/2-1/2

[Event "Cannes op"]
[Site "Cannes"]
[Date "2007.02.21"]
[Round "4"]
[White "Zermiche, Cherif"]
[Black "Di Lazzaro, Gabriele"]
[Result "1-0"]
[WhiteElo "2105"]
[BlackElo "1995"]
[PlyCount "141"]
[EventDate "2007.02.18"]
[EventType "swiss"]
[EventRounds "9"]
[EventCountry "FRA"]
[SourceTitle "CBM 116 Extra"]
[Source "ChessBase"]
[SourceDate "2007.03.07"]
[SourceVersion "1"]
[SourceVersionDate "2007.03.07"]
[SourceQuality "1"]

1. e4 c5 2. Nc3 Nc6 3. f4 g6 4. Nf3 Bg7 5. Bc4 e6 6. 0-0 Nge7 7. Qe1 0-0 8. d3 d5 9. Bb3 Na5 10. Ba4 a6 11. Bd2 Nec6 12. exd5 exd5 13. Nxd5 Qxd5 14. Bxa5 Nxa5 15. Qxa5 Bxb2 16. Bb3 Qd6 17. Rae1 b6 18. Qd2 Bg7 19. Qe2 Bf6 20. Ne5 Bb7 21. Kh1 Bd5 22. Qg4 Rad8 23. Qg3 Rfe8 24. Ng4 Bc3 25. Re5 Bxb3 26. axb3 Kg7 27. Ne3 Rxe5 28. fxe5 Qxe5 29. Nf5+ Kf8 30. Nh6 Qxg3 31. Rxf7+ Ke8 32. hxg3 Rd7 33. Rf4 Rd6 34. Ng4 Re6 35. Nf2 Re2 36. Re4+ Rxe4 37. Nxe4 Be5 38. Kg1 Kd7 39. Kf2 Kc6 40. c3 b5 41. Ke3 Kd5 42. c4+ Kc6 43. g4 h6 44. g5 hxg5 45. Nxg5 a5 46. Nf7 Bf6 47. Ke4 a4 48. cxb5+ Kxb5 49. bxa4+ Kxa4 50. Kd5 Kb5 51. g4 Bd4 52. Nd8 Kb4 53. Nc6+ Kc3 54. Ke4 Bf6 55. Na5 Bd8 56. Nc4 Bc7 57. Ne3 Bg3 58. Nd5+ Kc2 59. Ne7 g5 60. Nf5 Bf4 61. Ng7 Kc3 62. Ne6 Bd6 63. Nxg5 c4 64. d4 Kb2 65. Nf3 c3 66. Ne1 c2 67. Nd3+ Kc3 68. g5 Ba3 69. g6 Bf8 70. d5 Kd2 71. d6 1-0

[Event "Cannes op"]
[Site "Cannes"]
[Date "2007.02.20"]
[Round "3"]
[White "Zermiche, Cherif"]
[Black "Bruned, Boris"]
[Result "0-1"]
[WhiteElo "2105"]
[BlackElo "2211"]
[PlyCount "88"]
[EventDate "2007.02.18"]
[EventType "swiss"]
[EventRounds "9"]
[EventCountry "FRA"]
[SourceTitle "CBM 116 Extra"]
[Source "ChessBase"]
[SourceDate "2007.03.07"]
[SourceVersion "1"]
[SourceVersionDate "2007.03.07"]
[SourceQuality "1"]

1. e4 c5 2. Nc3 Nc6 3. f4 g6 4. Nf3 Bg7 5. Bc4 e6 6. 0-0 Nge7 7. Qe1 0-0 8. d3 d5 9. Bb3 Na5 10. Bd2 Nec6 11. Ba4 a6 12. exd5 exd5 13. Nxd5 Qxd5 14. Bxa5 b5 15. c4 Qxd3 16. Bb3 Bxb2 17. Rd1 Qf5 18. Rd5 Qf6 19. Bc7 Nd4 20. Ng5 Nxb3 21. Qh4 Qg7 22. axb3 f6 23. Bd6 fxg5 24. Qe1 Rd8 25. Be5 Re8 26. Bxg7 Rxe1 27. Rxe1 Kxg7 28. Re8 Bf6 29. fxg5 Kf7 30. Rxc8 Rxc8 31. gxf6 Kxf6 32. Rd6+ Ke5 33. Rxa6 bxc4 34. bxc4 Kd4 35. Ra4 Rc7 36. Kf2 Kc3 37. g4 Kb3 38. Ra8 Kxc4 39. h4 Kd3 40. h5 gxh5 41. gxh5 c4 42. Rd8+ Kc2 43. Ke2 c3 44. h6 Rc6 0-1

[Event "Cap d'Agde op"]
[Site "Cap d'Agde"]
[Date "2006.11.02"]
[Round "8"]
[White "Aflalo, Sophie"]
[Black "Zermiche, Cherif"]
[Result "0-1"]
[WhiteElo "1959"]
[BlackElo "2089"]
[PlyCount "70"]
[EventDate "2006.10.26"]
[EventType "swiss"]
[EventRounds "9"]
[EventCountry "FRA"]
[SourceTitle "EXT 2007"]
[Source "ChessBase"]
[SourceDate "2006.11.23"]
[SourceVersion "1"]
[SourceVersionDate "2006.11.23"]
[SourceQuality "1"]

1. e4 c5 2. Nf3 e6 3. d4 cxd4 4. Nxd4 Nc6 5. Nc3 Bb4 6. Be3 Nf6 7. f3 a6 8. Be2 d5 9. Nxc6 bxc6 10. e5 Nd7 11. f4 c5 12. Bd2 0-0 13. 0-0 f6 14. Bg4 Nb6 15. Nb1 fxe5 16. Bxb4 cxb4 17. fxe5 Rxf1+ 18. Qxf1 Qg5 19. Qe2 Qc1+ 20. Qd1 Qxb2 21. Nd2 Qxe5 22. Nf3 Qe4 23. Qd4 Qxd4+ 24. Nxd4 e5 25. Nc6 Bxg4 26. Nxe5 Bf5 27. Nc6 Bxc2 28. Nxb4 Be4 29. Rc1 Nc4 30. Rc3 Rb8 31. Nxa6 Rb1+ 32. Kf2 Rb2+ 33. Kg3 Rxa2 34. Nc5 Rxg2+ 35. Kf4 g5# 0-1

[Event "Cap d'Agde op"]
[Site "Cap d'Agde"]
[Date "2006.10.27"]
[Round "1"]
[White "Zermiche, Cherif"]
[Black "Lefevre, Margaux"]
[Result "1-0"]
[WhiteElo "2089"]
[BlackElo "1874"]
[PlyCount "97"]
[EventDate "2006.10.26"]
[EventType "swiss"]
[EventRounds "9"]
[EventCountry "FRA"]
[SourceTitle "EXT 2007"]
[Source "ChessBase"]
[SourceDate "2006.11.23"]
[SourceVersion "1"]
[SourceVersionDate "2006.11.23"]
[SourceQuality "1"]

1. e4 c5 2. c3 d5 3. exd5 Qxd5 4. d4 Nf6 5. Nf3 Bg4 6. Be2 e6 7. 0-0 Be7 8. Qa4+ Nbd7 9. Rd1 0-0 10. dxc5 Nxc5 11. Rxd5 Nxa4 12. Rd4 Nc5 13. Bg5 Bf5 14. Nh4 Be4 15. b4 e5 16. Rc4 h6 17. Bxf6 Bxf6 18. bxc5 Bd5 19. Rg4 Be6 20. Ra4 Bd7 21. Rb4 Bc6 22. Nf5 e4 23. Nd4 a5 24. Rb2 Rfd8 25. Rd2 Rd5 26. Nxc6 bxc6 27. Rxd5 cxd5 28. c6 d4 29. Na3 d3 30. Bg4 Be5 31. Nc4 Bc7 32. Re1 Rd8 33. Bd7 Rb8 34. f3 d2 35. Rd1 exf3 36. gxf3 Rb5 37. Rxd2 Rc5 38. Rd4 f5 39. h3 Kf8 40. Kf1 Ke7 41. a4 g6 42. Ke2 h5 43. Kd2 g5 44. Kc2 f4 45. Re4+ Kf7 46. Nb2 g4 47. Nd3 gxf3 48. Nxc5 f2 49. Be6+ 1-0

[Event "FRA-chT2C 0506"]
[Site "France"]
[Date "2006.04.01"]
[Round "11.5"]
[White "Tarayre, Pascal"]
[Black "Zermiche, Cherif"]
[Result "0-1"]
[WhiteElo "1865"]
[BlackElo "2033"]
[PlyCount "82"]
[EventDate "2005.10.27"]
[EventType "team"]
[EventRounds "11"]
[EventCountry "FRA"]
[SourceTitle "EXT 2006"]
[Source "ChessBase"]
[SourceDate "2005.11.24"]
[SourceVersion "1"]
[SourceVersionDate "2005.11.24"]
[SourceQuality "1"]

1. e4 c5 2. Nf3 a6 3. c3 d5 4. exd5 Qxd5 5. d4 Bg4 6. Be2 cxd4 7. cxd4 e6 8. h3 Bb4+ 9. Nc3 Bh5 10. 0-0 Bxc3 11. bxc3 Ne7 12. Ba3 Nbc6 13. Qb3 Qxb3 14. axb3 0-0 15. Rfd1 Rfd8 16. Rd2 Nd5 17. Rc2 b5 18. Ne5 Nxe5 19. Bxh5 Nc6 20. Bf3 b4 21. Bxd5 Rxd5 22. Bxb4 Nxb4 23. cxb4 Rxd4 24. Rc6 Rxb4 25. Rcxa6 Rab8 26. Rb1 Kf8 27. Ra7 Rxb3 28. Rc1 Rb1 29. Rxb1 Rxb1+ 30. Kh2 g6 31. Kg3 Kg7 32. f3 g5 33. h4 h6 34. hxg5 hxg5 35. f4 gxf4+ 36. Kxf4 Kf6 37. g4 Rb4+ 38. Kf3 e5 39. Ra6+ Kg5 40. Ra7 Rf4+ 41. Ke3 Kxg4 0-1

[Event "FRA-ch U20"]
[Site "Aix les Bains"]
[Date "2006.04.??"]
[Round "4"]
[White "Coulon, Guillaume"]
[Black "Zermiche, Cherif"]
[Result "1-0"]
[WhiteElo "2001"]
[BlackElo "2035"]
[PlyCount "91"]
[EventDate "2006.04.??"]
[EventType "swiss"]
[EventRounds "8"]
[EventCountry "FRA"]
[SourceTitle "EXT 2007"]
[Source "ChessBase"]
[SourceDate "2006.11.23"]
[SourceVersion "1"]
[SourceVersionDate "2006.11.23"]
[SourceQuality "1"]

1. e4 c5 2. Nf3 a6 3. c3 d5 4. exd5 Qxd5 5. d4 Bg4 6. Be2 Nf6 7. 0-0 e6 8. c4 Qd8 9. Nc3 cxd4 10. Nxd4 Bxe2 11. Ncxe2 Bd6 12. h3 0-0 13. Bg5 h6 14. Bh4 Be7 15. Qc2 Nbd7 16. a3 Rc8 17. b4 Ne5 18. c5 b6 19. c6 Qd5 20. Rac1 b5 21. Rfd1 Nc4 22. Nxb5 Ne3 23. fxe3 Qxb5 24. Qc4 Qe5 25. Rd3 Qb2 26. Nd4 Rfd8 27. Rb3 Qd2 28. Be1 Qa2 29. c7 Rd7 30. Bg3 Bd6 31. Bxd6 Rxd6 32. Rbc3 Qd2 33. Rd3 Qb2 34. Rb3 Qd2 35. Nf3 Qa2 36. Rbc3 Qb2 37. Qf4 Rd7 38. e4 Qe2 39. R3c2 Qb5 40. Ne5 Rd4 41. Nc6 Rd7 42. Na7 Qb6+ 43. Qf2 Qb7 44. Nxc8 Qxc8 45. Qb6 Rxc7 46. Qxc7 1-0

[Event "FRA-chT2C 0506"]
[Site "France"]
[Date "2006.02.05"]
[Round "7.9"]
[White "Zermiche, Cherif"]
[Black "Laurens, Julia"]
[Result "1/2-1/2"]
[WhiteElo "2033"]
[BlackElo "2058"]
[PlyCount "138"]
[EventDate "2005.10.27"]
[EventType "team"]
[EventRounds "11"]
[EventCountry "FRA"]
[SourceTitle "EXT 2006"]
[Source "ChessBase"]
[SourceDate "2005.11.24"]
[SourceVersion "1"]
[SourceVersionDate "2005.11.24"]
[SourceQuality "1"]

1. e4 c6 2. d4 d5 3. e5 Bf5 4. g4 Bd7 5. Nc3 e6 6. Be3 Ne7 7. Qd2 h5 8. gxh5 Nf5 9. Be2 c5 10. 0-0-0 Nc6 11. Nf3 c4 12. Ng5 f6 13. exf6 gxf6 14. Nh3 b5 15. h6 b4 16. Bh5+ Ke7 17. Bg5 Bxh6 18. Nxd5+ exd5 19. Rde1+ Kf8 20. Bxh6+ Rxh6 21. Nf4 Rxh5 22. Nxh5 c3 23. bxc3 bxc3 24. Qxc3 Ncxd4 25. Qc5+ Kf7 26. Qxd5+ Be6 27. Qb7+ Ne7 28. Qe4 Bf5 29. Qg2 Bg6 30. Nf4 Rc8 31. Rxe7+ Qxe7 32. Qxg6+ Kf8 33. Qh6+ Qg7 34. Qh3 Rxc2+ 35. Kd1 Rc6 36. Qa3+ Kg8 37. h3 Qd7 38. Rg1+ Kf7 39. Qd3 f5 40. Nh5 Qd5 41. Rg7+ Kf8 42. Qa3+ Qd6 43. Qxd6+ Rxd6 44. Rg3 Ra6 45. Rd3 Ra4 46. Ke1 Kf7 47. Kf1 Ne6 48. a3 Kg6 49. Ng3 Nf4 50. Rf3 Kg5 51. Ne2 Nxe2 52. Kxe2 Re4+ 53. Re3 Ra4 54. Kf3 Rh4 55. Kg2 Ra4 56. Rb3 a6 57. Kg3 Rc4 58. Rf3 f4+ 59. Kg2 Kf5 60. Rd3 Ke4 61. Rb3 a5 62. h4 a4 63. Rb5 Rc3 64. Rb4+ Kf5 65. Rxa4 Kg4 66. Ra8 Kxh4 67. a4 f3+ 68. Kh2 Rc2 69. Rh8+ Kg4 1/2-1/2

[Event "FRA-chT2C 0506"]
[Site "France"]
[Date "2005.11.20"]
[Round "3.5"]
[White "Zermiche, Cherif"]
[Black "Heinis, Vincent"]
[Result "0-1"]
[WhiteElo "2027"]
[BlackElo "2193"]
[PlyCount "58"]
[EventDate "2005.10.27"]
[EventType "team"]
[EventRounds "11"]
[EventCountry "FRA"]
[SourceTitle "EXT 2006"]
[Source "ChessBase"]
[SourceDate "2005.11.24"]
[SourceVersion "1"]
[SourceVersionDate "2005.11.24"]
[SourceQuality "1"]
[BlackTeam "Toulouse"]
[BlackTeamCountry "FRA"]

1. e4 c6 2. d4 d5 3. e5 Bf5 4. g4 Be4 5. f3 Bg6 6. h4 h5 7. e6 Qd6 8. exf7+ Bxf7 9. Ne2 Nd7 10. g5 g6 11. Nbc3 Bg7 12. Bh3 e5 13. Bxd7+ Kxd7 14. Be3 Ne7 15. dxe5 Bxe5 16. f4 Bxc3+ 17. Nxc3 Nf5 18. Bd4 Qxf4 19. Ne2 Rhe8 20. c3 Nxh4 21. Qd3 Nf3+ 22. Kd1 Qe4 23. Qxe4 Rxe4 24. Rf1 Nxg5 25. Kd2 Be6 26. Be3 Rg4 27. Rae1 Ne4+ 28. Kc1 h4 29. Rh1 Rh8 0-1

[Event "NOR-ch U20 op 13th"]
[Site "Oslo"]
[Date "2003.04.13"]
[Round "2"]
[White "Zermiche, Cherif"]
[Black "Richards, Heather"]
[Result "0-1"]
[WhiteElo "2047"]
[BlackElo "2237"]
[PlyCount "94"]
[EventDate "2003.04.??"]
[EventType "swiss"]
[EventRounds "9"]
[EventCountry "NOR"]
[SourceTitle "EXT 2005"]
[Source "ChessBase"]
[SourceDate "2004.11.15"]
[SourceVersion "1"]
[SourceVersionDate "2004.11.15"]
[SourceQuality "1"]

1. e4 e6 2. d4 d5 3. Nc3 Nf6 4. Bg5 dxe4 5. Nxe4 Nbd7 6. Bd3 Be7 7. Nxf6+ Nxf6 8. Nf3 h6 9. Bh4 c5 10. dxc5 Qa5+ 11. Qd2 Qxc5 12. 0-0 0-0 13. Rfe1 b6 14. Re5 Qc7 15. Rae1 Bb7 16. Nd4 Rad8 17. Nf5 exf5 18. Rxe7 Qc6 19. f3 Rd6 20. Bxf6 Rxf6 21. Qf4 Rc8 22. R1e5 g5 23. Qd4 Rd6 24. Qb4 a5 25. Qb3 Rf6 26. Qb5 f4 27. Re8+ Rxe8 28. Rxe8+ Kg7 29. Qe5 Qd6 30. Qxd6 Rxd6 31. Kf2 Bd5 32. a3 Be6 33. Ke2 h5 34. Re7 Kf6 35. Rc7 Ke5 36. c4 Kd4 37. Kd2 g4 38. b4 axb4 39. axb4 h4 40. fxg4 Bxg4 41. Rxf7 Ke5 42. Kc3 h3 43. gxh3 Bxh3 44. Re7+ Kf6 45. Rh7 Rxd3+ 46. Kc2 Bf5 47. Rh6+ Kg5 0-1